Ptaki w naszym otoczeniu - Statystyki

Ogólne statystyki
  • Ten quiz został rozwiązany 66 razy
  • Średni wynik to 13 z 20
Statystyki odpowiedzi
Łacińska nazwa: Ptak: % Poprawnych
Ciconia ciconia Bocian
87%
Passer domesticus Wróbel
87%
Corvus corax Kruk
84%
Pica pica Sroka
82%
Anas platyrhynchos Kaczka
78%
Corvus corone Wrona
75%
Accipiter gentilis Jastrząb
73%
Columba livia Gołąb
71%
Pyrrhula pyrrhula Gil
69%
Haliaeetus albicilla Orzeł
69%
Anser fabalis Gęś
65%
Dryocopus martius Dzięcioł
64%
Garrulus glandarius Sójka
62%
Turdus merula Kos
60%
Upupa epops Dudek
56%
Phasianus colchicus Bażant
53%
Sturnus vulgaris Szpak
53%
Alauda arvensis Skowronek
47%
Accipiter cirrocephalus Krogulec
20%
Regulus regulus Mysikrólik
20%
Nie znaleziono quizów pasujących do podanych kryteriów
Rozkład punktacji
Procent ludzi z każdym wynikiem
Percentyl według liczby udzielonych odpowiedzi
Twoja historia wyników
Nie rozwiązałeś tego quizu